000 00712nam a2200229Ia 4500
003 OSt
005 20220923214354.0
006 a|||||r|||| 00| 0
007 ta
008 220922b |||||||| |||| 00| 0 hin d
024 _a169,256
037 _cTextual
040 _aARTS
_cARTS
_bhin
041 _2hin
_ahin
082 _aO152:1J03x, J4-;1
100 _aचतुर्वेदी, परशुराम, संपा.
245 0 _aमीरा बाई की पदावली
246 _aMīrā bāī kī padāvalī
260 _c1954
942 _hO152:1J03x, J4-;1
_cTEXL
_2CC
999 _c323712
_d323712